[Event "Muensterland Regionalliga Gr2 2223"]
[Site "Germany"]
[Date "2023.01.14"]
[Round "4.4"]
[White "Broemmel, Chris"]
[Black "Koetting, Hans Erich"]
[Result "1-0"]
[WhiteElo "1841"]
[BlackElo "1882"]
[PlyCount "109"]
[EventDate "2022.09.03"]
[EventType "team-tourn"]
[EventRounds "5"]
[EventCountry "GER"]
[SourceTitle "EXT 2024"]
[Source "ChessBase"]
[SourceDate "2023.10.10"]
[SourceVersion "1"]
[SourceVersionDate "2023.10.10"]
[SourceQuality "1"]
[WhiteTeam "Raesfeld Erle II"]
[BlackTeam "Duelmen"]
[WhiteTeamCountry "GER"]
[BlackTeamCountry "GER"]

1. e4 d5 2. exd5 Qxd5 3. Nc3 Qd8 4. Bc4 Nf6 5. Nf3 c6 6. h3 Bf5 7. d3 Nbd7 8. 0-0 e6 9. Re1 Be7 10. Qe2 Nb6 11. Bb3 Nfd5 12. Nd4 Bg6 13. a4 a5 14. Bd2 Qd7 15. Rad1 0-0 16. Ne4 Rfe8 17. Nf3 Qc8 18. Ng3 Bd6 19. Ne4 Bf8 20. Ne5 Bf5 21. Qf3 Qc7 22. Ng3 Bd6 23. d4 Bg6 24. h4 Bxe5 25. dxe5 h6 26. h5 Bh7 27. Qg4 Kh8 28. f4 Ne7 29. Be3 Nbd5 30. Bc5 Nf5 31. c4 Nde7 32. Ne4 Nc8 33. Rd2 b6 34. Bf2 Qe7 35. Qh3 Qb4 36. Qc3 Qxc3 37. Nxc3 c5 38. Red1 g6 39. Nb5 Rg8 40. hxg6 Bxg6 41. Rd7 Bh5 42. R1d3 Be2 43. Rh3 Bg4 44. Rc3 Rf8 45. Bc2 Nce7 46. Kf1 h5 47. Rcd3 Nc6 48. Rd2 Nh6 49. Be4 Rac8 50. Nd6 Nb4 51. Nxc8 Rxc8 52. Rd8+ Rxd8 53. Rxd8+ Kg7 54. Bh4 Bd1 55. Bf6# 1-0

[Event "Muensterland Regionalliga playoff Gr1"]
[Site "Germany"]
[Date "2022.06.11"]
[Round "5.3"]
[White "Broemmel, Chris"]
[Black "Beckmann, David"]
[Result "1/2-1/2"]
[WhiteElo "1834"]
[BlackElo "2027"]
[PlyCount "72"]
[EventDate "2022.03.19"]
[EventType "team-tourn"]
[EventRounds "5"]
[EventCountry "GER"]
[SourceTitle "EXT 2023"]
[Source "ChessBase"]
[SourceDate "2022.10.05"]
[SourceVersion "1"]
[SourceVersionDate "2022.10.05"]
[SourceQuality "1"]
[WhiteTeam "Raesfeld Erle II"]
[BlackTeam "Borken"]
[WhiteTeamCountry "GER"]
[BlackTeamCountry "GER"]

1. e4 e6 2. b3 d5 3. Bb2 Nf6 4. exd5 exd5 5. Nf3 Be7 6. Be2 0-0 7. 0-0 Nc6 8. d3 Re8 9. Nbd2 Bg4 10. h3 Bh5 11. Re1 Bc5 12. Nh2 Bxe2 13. Rxe2 Nd4 14. Rxe8+ Qxe8 15. Ndf3 Nxf3+ 16. Qxf3 Qe6 17. Bc3 c6 18. Re1 Qd6 19. Be5 Qd8 20. Qg3 Bf8 21. Ng4 Nxg4 22. Qxg4 Qc8 23. Qg3 Qf5 24. Bb2 f6 25. Re3 Rc8 26. Rf3 Qg6 27. Qf4 Kh8 28. Rg3 Qf7 29. Qg4 Re8 30. Bc3 c5 31. Re3 d4 32. Rxe8 Qxe8 33. Bd2 Kg8 34. Kf1 Bd6 35. Qf3 Qf7 36. Bf4 Bf8 1/2-1/2

[Event "Muensterland Regionalliga 2122"]
[Site "Germany"]
[Date "2021.10.02"]
[Round "1.4"]
[White "Santos Brito, Daniel"]
[Black "Broemmel, Chris"]
[Result "0-1"]
[WhiteElo "1913"]
[BlackElo "1831"]
[PlyCount "72"]
[EventDate "2021.10.02"]
[EventType "team-tourn"]
[EventRounds "3"]
[EventCountry "GER"]
[SourceTitle "EXT 2023"]
[Source "ChessBase"]
[SourceDate "2022.10.05"]
[SourceVersion "1"]
[SourceVersionDate "2022.10.05"]
[SourceQuality "1"]
[WhiteTeam "Steinfurt"]
[BlackTeam "Raesfeld Erle II"]
[WhiteTeamCountry "GER"]
[BlackTeamCountry "GER"]

1. e4 d5 2. exd5 Qxd5 3. Nc3 Qa5 4. Nf3 Bg4 5. b4 Qh5 6. Be2 c6 7. h3 Bxf3 8. Bxf3 Qe5+ 9. Qe2 Qxe2+ 10. Bxe2 e6 11. b5 Nf6 12. 0-0 a6 13. bxa6 Nxa6 14. Rb1 b5 15. Bf3 Nd5 16. Nxd5 exd5 17. Re1+ Kd8 18. c4 bxc4 19. Bb2 Nb4 20. Bc3 Nd3 21. Re2 Bd6 22. Bxg7 Rg8 23. Bf6+ Kc7 24. Bd4 Rab8 25. Ra1 c5 26. Bf6 Rg6 27. Bh4 Be5 28. Bg3 Rxg3 29. Rxe5 Rxf3 30. Rxd5 Rf6 31. a4 Kc6 32. Rh5 h6 33. f3 Rb2 34. Rh4 Rxd2 35. Rxc4 Rg6 36. g4 Re6 0-1

[Event "Muensterland Regionalliga 1920"]
[Site "Germany"]
[Date "2019.11.09"]
[Round "3.5"]
[White "Langendijk, Andre"]
[Black "Broemmel, Chris"]
[Result "0-1"]
[WhiteElo "1926"]
[BlackElo "1808"]
[PlyCount "72"]
[EventDate "2019.09.07"]
[EventType "team-tourn"]
[EventRounds "7"]
[EventCountry "GER"]
[SourceTitle "EXT 2023"]
[Source "ChessBase"]
[SourceDate "2022.10.05"]
[SourceVersion "1"]
[SourceVersionDate "2022.10.05"]
[SourceQuality "1"]
[WhiteTeam "Gronau"]
[BlackTeam "Raesfeld Erle II"]
[WhiteTeamCountry "GER"]
[BlackTeamCountry "GER"]

1. c4 e5 2. Nc3 Nf6 3. g3 Bb4 4. Bg2 0-0 5. Nf3 Nc6 6. 0-0 d6 7. d3 Bxc3 8. bxc3 e4 9. Nd4 Nxd4 10. cxd4 exd3 11. Qxd3 d5 12. cxd5 Nxd5 13. a4 a5 14. Bd2 c6 15. Rfb1 Ra7 16. Rb2 b6 17. e4 Ne7 18. Be3 Ba6 19. Qb1 Rb7 20. Ra3 f5 21. d5 cxd5 22. exd5 Qd6 23. Rab3 Nxd5 24. Bxd5+ Qxd5 25. Rxb6 Rfb8 26. Qc2 Rxb6 27. Bxb6 Rc8 28. Qb1 Bb7 29. Kf1 Qc4+ 30. Ke1 Qc3+ 31. Kf1 Qf3 32. Be3 Qh1+ 33. Ke2 Ba6+ 34. Kd2 Rd8+ 35. Kc3 Qc6+ 36. Kb3 Rd3+ 0-1

[Event "Muensterland Verbandsliga 1819"]
[Site "Germany"]
[Date "2018.12.15"]
[Round "5.2"]
[White "Broemmel, Chris"]
[Black "Hofene, Dieter"]
[Result "0-1"]
[WhiteElo "1797"]
[BlackElo "2001"]
[PlyCount "58"]
[EventDate "2018.09.01"]
[EventType "team-tourn"]
[EventRounds "9"]
[EventCountry "GER"]
[SourceTitle "EXT 2020"]
[Source "ChessBase"]
[SourceDate "2019.10.17"]
[SourceVersion "1"]
[SourceVersionDate "2019.10.17"]
[SourceQuality "1"]
[WhiteTeam "Raesfeld Erle II"]
[BlackTeam "Beelen"]
[WhiteTeamCountry "GER"]
[BlackTeamCountry "GER"]

1. e4 c6 2. b3 d5 3. Bb2 dxe4 4. Nc3 Nf6 5. h3 Bf5 6. g4 Bg6 7. Bg2 e5 8. Qe2 Bb4 9. 0-0-0 Qa5 10. Kb1 0-0 11. h4 h5 12. Nxe4 Nbd7 13. g5 Nd5 14. Nh3 Ba3 15. Ba1 Rfe8 16. Bf3 Nc5 17. Nxc5 Bxc5 18. Bxd5 cxd5 19. Bc3 Bxc2+ 20. Ka1 Bb4 21. Kb2 Bxd1 22. Rxd1 Bxc3+ 23. dxc3 d4 24. cxd4 exd4 25. Qf3 Rac8 26. Rd3 Qc5 27. Qd1 Re2+ 28. Kb1 Rc2 29. Qf3 Rb2+ 0-1

[Event "Muensterland Verbandsklasse 1718"]
[Site "Germany"]
[Date "2018.04.07"]
[Round "8.2"]
[White "Kloster, Daniel"]
[Black "Broemmel, Chris"]
[Result "1/2-1/2"]
[WhiteElo "1768"]
[BlackElo "1775"]
[PlyCount "50"]
[EventDate "2017.09.16"]
[EventType "team-tourn"]
[EventRounds "9"]
[EventCountry "GER"]
[SourceTitle "EXT 2019"]
[Source "ChessBase"]
[SourceDate "2018.10.10"]
[SourceVersion "1"]
[SourceVersionDate "2018.10.10"]
[SourceQuality "1"]
[WhiteTeam "Stadtlohn"]
[BlackTeam "Raesfeld Erle II"]
[WhiteTeamCountry "GER"]
[BlackTeamCountry "GER"]

1. d4 Nf6 2. Nf3 d5 3. Bf4 Bf5 4. e3 c6 5. c3 Qb6 6. Qb3 Nbd7 7. Nbd2 e6 8. h3 Be7 9. Be2 0-0 10. 0-0 c5 11. Qxb6 Nxb6 12. Rac1 Ne4 13. Nxe4 Bxe4 14. Nd2 Bg6 15. dxc5 Bxc5 16. Nb3 Be7 17. Na5 Na4 18. b3 Nc5 19. Rfd1 b6 20. Nc6 Bf6 21. Bd6 Rfc8 22. Ne7+ Bxe7 23. Bxe7 Ne4 24. c4 Rc7 25. Ba3 dxc4 1/2-1/2

[Event "Muensterland Regionalliga 1718"]
[Site "Germany"]
[Date "2017.11.11"]
[Round "3.8"]
[White "Broemmel, Chris"]
[Black "Tsoukkerman, Boris Z"]
[Result "0-1"]
[WhiteElo "1782"]
[BlackElo "1871"]
[PlyCount "60"]
[EventDate "2017.09.02"]
[EventType "team-tourn"]
[EventRounds "9"]
[EventCountry "GER"]
[SourceTitle "EXT 2019"]
[Source "ChessBase"]
[SourceDate "2018.10.10"]
[SourceVersion "1"]
[SourceVersionDate "2018.10.10"]
[SourceQuality "1"]
[WhiteTeam "Raesfeld Erle"]
[BlackTeam "Gronau"]
[WhiteTeamCountry "GER"]
[BlackTeamCountry "GER"]

1. e4 Nf6 2. e5 Nd5 3. a4 d6 4. c4 Nb4 5. exd6 Qxd6 6. Na3 e5 7. Nc2 N8c6 8. Ne3 Be6 9. d3 0-0-0 10. Ra3 e4 11. Rc3 exd3 12. Nf3 Be7 13. Bd2 Bf6 14. Rb3 Rhe8 15. Qc1 a5 16. g3 Bg4 17. Bg2 Bxf3 18. Bxf3 Nd4 19. Bg4+ Kb8 20. Rxb4 axb4 21. c5 Qc6 22. 0-0 Nf3+ 23. Bxf3 Qxf3 24. Bxb4 h5 25. h3 Bd4 26. Bd2 h4 27. Kh2 Be5 28. Qe1 Qe2 29. Nf5 Bxg3+ 30. Kg2 Qxe1 0-1

[Event "Muensterland Verbandsklasse 1617"]
[Site "Germany"]
[Date "2017.02.11"]
[Round "6.3"]
[White "Broemmel, Chris"]
[Black "Lerke, Bernd"]
[Result "1-0"]
[WhiteElo "1785"]
[BlackElo "1860"]
[PlyCount "83"]
[EventDate "2016.09.24"]
[EventType "team"]
[EventRounds "9"]
[EventCountry "GER"]
[SourceTitle "EXT 2018"]
[Source "ChessBase"]
[SourceDate "2017.10.13"]
[SourceVersion "1"]
[SourceVersionDate "2017.10.13"]
[SourceQuality "1"]
[WhiteTeam "Raesfeld Erle II"]
[BlackTeam "Nordwalde"]
[WhiteTeamCountry "GER"]
[BlackTeamCountry "GER"]

1. e4 c5 2. Nf3 e6 3. c3 d5 4. exd5 exd5 5. d4 Nc6 6. Bb5 a6 7. Bxc6+ bxc6 8. Ne5 Qb6 9. 0-0 Nf6 10. Re1 Be7 11. Qe2 0-0 12. Be3 cxd4 13. cxd4 Be6 14. Nc3 Nd7 15. Na4 Qc7 16. Bf4 Nxe5 17. Bxe5 Qa5 18. b3 c5 19. dxc5 Bxc5 20. Nxc5 Qxc5 21. Qb2 f6 22. Rac1 Qe7 23. Rc7 Bd7 24. Bc3 Qd6 25. Rb7 Rae8 26. Rc1 Bc8 27. Bb4 Qe6 28. Rbc7 Rf7 29. h3 Rxc7 30. Rxc7 Qe5 31. Qc1 Bf5 32. Qc6 Qa1+ 33. Kh2 Qe5+ 34. g3 Qe2 35. Bc5 Qe6 36. Qb7 g5 37. Rg7+ Kh8 38. Bd4 Bg6 39. Rc7 Qf5 40. Rc6 Re6 41. Rc8+ Be8 42. Qf7 1-0

[Event "Muensterland Verbandsklasse 1617"]
[Site "Germany"]
[Date "2016.12.10"]
[Round "4.3"]
[White "Brinkmann, Franz Josef"]
[Black "Broemmel, Chris"]
[Result "1-0"]
[WhiteElo "1771"]
[BlackElo "1785"]
[PlyCount "91"]
[EventDate "2016.09.24"]
[EventType "team"]
[EventRounds "9"]
[EventCountry "GER"]
[SourceTitle "EXT 2018"]
[Source "ChessBase"]
[SourceDate "2017.10.13"]
[SourceVersion "1"]
[SourceVersionDate "2017.10.13"]
[SourceQuality "1"]
[WhiteTeam "Rheine Klein Berlin II"]
[BlackTeam "Raesfeld Erle II"]
[WhiteTeamCountry "GER"]
[BlackTeamCountry "GER"]

1. e4 c6 2. d4 d6 3. c4 Qc7 4. Nc3 e5 5. d5 Nf6 6. Be2 Be7 7. Nf3 Bg4 8. h3 Bxf3 9. Bxf3 a5 10. Be3 Na6 11. a3 0-0 12. 0-0 Rfd8 13. Na4 c5 14. Nc3 Qd7 15. Bg5 Nc7 16. Qe2 Rab8 17. Nb5 Nxb5 18. cxb5 b6 19. a4 Ne8 20. Bg4 Qc7 21. f4 h6 22. Bxe7 Qxe7 23. Ra3 Nf6 24. Rg3 Re8 25. f5 Kh8 26. Qe3 Rg8 27. Be2 Kh7 28. h4 Rbc8 29. Rh3 Nd7 30. g4 f6 31. Rf2 c4 32. g5 Nc5 33. Bh5 Qf8 34. Bg6+ Kh8 35. Rg2 Nxa4 36. Rc2 c3 37. bxc3 Rc4 38. Qe2 Qc8 39. Qh5 Qf8 40. Bf7 Rxe4 41. Bxg8 Qxg8 42. gxh6 g5 43. fxg6 Qc8 44. Rg3 Kg8 45. g7 Qc5+ 46. Kh2 1-0

[Event "Muensterland Verbandsklasse 1516"]
[Site "Germany"]
[Date "2016.04.30"]
[Round "8.2"]
[White "Broemmel, Chris"]
[Black "Lanfer, Stefanie"]
[Result "0-1"]
[WhiteElo "1798"]
[BlackElo "1810"]
[PlyCount "94"]
[EventDate "2015.09.19"]
[EventType "team"]
[EventRounds "9"]
[EventCountry "GER"]
[SourceTitle "EXT 2017"]
[Source "ChessBase"]
[SourceDate "2016.10.25"]
[SourceVersion "1"]
[SourceVersionDate "2016.10.25"]
[SourceQuality "1"]
[WhiteTeam "Raesfeld Erle II"]
[BlackTeam "Gescher"]
[WhiteTeamCountry "GER"]
[BlackTeamCountry "GER"]

1. e4 c6 2. d4 d5 3. e5 Bf5 4. Bd3 Bg6 5. f4 e6 6. Nf3 c5 7. c3 Nc6 8. 0-0 Qb6 9. Kh1 Nh6 10. b3 Be7 11. Be3 Ng4 12. Bg1 h5 13. Bxg6 fxg6 14. Qd3 0-0-0 15. Qxg6 Rh6 16. Qd3 Rf8 17. h3 Rxf4 18. g3 Rf8 19. hxg4 hxg4+ 20. Nh2 Rfh8 21. Rf4 cxd4 22. cxd4 Kb8 23. Rxg4 Nxe5 24. dxe5 Bc5 25. Bd4 Rxh2+ 26. Kg1 Qb4 27. Nc3 Rh1+ 28. Kg2 Rxa1 29. Qe3 Bxd4 30. Rxd4 Qc5 31. b4 Qe7 32. Rf4 Rah1 33. Nb5 R8h2+ 34. Kf3 Rf1+ 35. Kg4 Rxf4+ 36. Qxf4 Rxa2 37. Nd6 Rh2 38. Qc1 Rh8 39. b5 Qc7 40. Qa3 Qb6 41. Qd3 Rf8 42. Kg5 Qf2 43. Qc3 Qf3 44. Qe1 g6 45. g4 Qf4+ 46. Kxg6 Qxg4+ 47. Kh7 Rg8 0-1

[Event "Muensterland Regionalliga 1516"]
[Site "Germany"]
[Date "2016.01.09"]
[Round "5.8"]
[White "Broemmel, Chris"]
[Black "Freise, Eckhard"]
[Result "1-0"]
[WhiteElo "1783"]
[BlackElo "1809"]
[PlyCount "111"]
[EventDate "2015.09.05"]
[EventType "team"]
[EventRounds "9"]
[EventCountry "GER"]
[SourceTitle "EXT 2017"]
[Source "ChessBase"]
[SourceDate "2016.10.25"]
[SourceVersion "1"]
[SourceVersionDate "2016.10.25"]
[SourceQuality "1"]
[WhiteTeam "Raesfeld Erle"]
[BlackTeam "Muenster SK III"]
[WhiteTeamCountry "GER"]
[BlackTeamCountry "GER"]

1. e4 e5 2. Nf3 Nc6 3. Bb5 f5 4. Bxc6 dxc6 5. Nxe5 Qd4 6. Qh5+ g6 7. Nxg6 hxg6 8. Qxg6+ Kd8 9. Nc3 Bd6 10. d3 f4 11. Ne2 Qe5 12. d4 Qh5 13. Qxh5 Rxh5 14. e5 Bb4+ 15. c3 Ba5 16. Nxf4 Rh7 17. f3 Ne7 18. g4 Nd5 19. Nxd5 cxd5 20. h4 c5 21. Bd2 c4 22. g5 Bf5 23. 0-0-0 Bg6 24. Rh2 Kd7 25. Rdh1 Rah8 26. Kd1 Ke6 27. Ke2 Bh5 28. Ke3 Rf8 29. Rh3 Bd8 30. Rg1 Bg6 31. Kf2 Rfh8 32. Rgh1 Bh5 33. b3 Rc7 34. Rg1 Bg6 35. bxc4 Rxc4 36. h5 Ra4 37. f4 Bf5 38. Rh2 Rxa2 39. Ke3 Bg6 40. Rgh1 Be4 41. Rg1 Bg6 42. Rg3 Ba5 43. Rgh3 Bf5 44. Rh4 Ra3 45. Rh1 Bxc3 46. Bxc3 Rxc3+ 47. Ke2 Rc2+ 48. Ke1 Rhc8 49. R4h2 Rc1+ 50. Kf2 R8c2+ 51. Kg3 Rc3+ 52. Kh4 Rxh1 53. Rxh1 Kf7 54. g6+ Kg7 55. Kg5 Rg3+ 56. Kxf5 1-0

[Event "Muensterland Verbandsklasse 1415"]
[Site "Germany"]
[Date "2015.04.25"]
[Round "9.2"]
[White "Kemper, Georg"]
[Black "Broemmel, Chris"]
[Result "1-0"]
[WhiteElo "1928"]
[BlackElo "1770"]
[PlyCount "23"]
[EventDate "2014.09.13"]
[EventType "team-tourn"]
[EventRounds "9"]
[EventCountry "GER"]
[SourceTitle "EXT 2016"]
[Source "ChessBase"]
[SourceDate "2015.10.08"]
[SourceVersion "1"]
[SourceVersionDate "2015.10.08"]
[SourceQuality "1"]
[WhiteTeam "Nienberge II"]
[BlackTeam "Raesfeld Erle II"]
[WhiteTeamCountry "GER"]
[BlackTeamCountry "GER"]

1. d4 Nf6 2. c4 e5 3. dxe5 Ng4 4. Bf4 Nc6 5. Nf3 Bc5 6. e3 Qe7 7. a3 a5 8. Nc3 Bb6 9. Nd5 Qd8 10. h3 Nh6 11. Bg5 f6 12. exf6 1-0

[Event "Muensterland Verbandsklasse 1415"]
[Site "Germany"]
[Date "2015.02.28"]
[Round "7.2"]
[White "Sparwel, Oliver"]
[Black "Broemmel, Chris"]
[Result "1/2-1/2"]
[WhiteElo "1996"]
[BlackElo "1770"]
[PlyCount "62"]
[EventDate "2014.09.13"]
[EventType "team-tourn"]
[EventRounds "9"]
[EventCountry "GER"]
[SourceTitle "EXT 2016"]
[Source "ChessBase"]
[SourceDate "2015.10.08"]
[SourceVersion "1"]
[SourceVersionDate "2015.10.08"]
[SourceQuality "1"]
[WhiteTeam "Suedlohn II"]
[BlackTeam "Raesfeld Erle II"]
[WhiteTeamCountry "GER"]
[BlackTeamCountry "GER"]

1. Nf3 Nc6 2. c4 e5 3. Nc3 Nf6 4. d3 d5 5. cxd5 Nxd5 6. e4 Nb6 7. Be3 Bg4 8. Be2 Bxf3 9. gxf3 Nd4 10. f4 exf4 11. Bxf4 Bb4 12. a3 Qf6 13. Bd2 Bd6 14. 0-0 Bf4 15. Bxf4 Qxf4 16. Qc1 Qh4 17. Bd1 0-0-0 18. Qe3 Rd6 19. f4 Rh6 20. Rf2 Ne6 21. Bb3 Rf8 22. Raf1 Rd8 23. Ne2 Qh3 24. Ng3 Rh4 25. Rg2 Rg4 26. Bd1 Rh4 27. Bb3 h6 28. Bxe6+ fxe6 29. Rc1 Rg4 30. Rcc2 h5 31. Qc5 c6 1/2-1/2

[Event "Muensterland Verbandsklasse 1415"]
[Site "Germany"]
[Date "2014.12.06"]
[Round "4.2"]
[White "Kemper, Andreas"]
[Black "Broemmel, Chris"]
[Result "1/2-1/2"]
[WhiteElo "1828"]
[BlackElo "1770"]
[PlyCount "64"]
[EventDate "2014.09.13"]
[EventType "team-tourn"]
[EventRounds "9"]
[EventCountry "GER"]
[SourceTitle "EXT 2016"]
[Source "ChessBase"]
[SourceDate "2015.10.08"]
[SourceVersion "1"]
[SourceVersionDate "2015.10.08"]
[SourceQuality "1"]
[WhiteTeam "Ahaus Wessum II"]
[BlackTeam "Raesfeld Erle II"]
[WhiteTeamCountry "GER"]
[BlackTeamCountry "GER"]

1. e4 d5 2. exd5 Qxd5 3. Nc3 Qa5 4. d4 Nf6 5. Nf3 Bg4 6. h3 Bh5 7. g4 Bg6 8. Ne5 Nbd7 9. Nc4 Qa6 10. d5 Ne4 11. Nb5 Qxb5 12. Nd6+ Nxd6 13. Bxb5 Nxb5 14. Be3 a6 15. c4 Nd6 16. c5 Nc4 17. Bd4 Nde5 18. 0-0 Be4 19. f4 Nd7 20. b3 Na3 21. Re1 f5 22. Rxe4 fxe4 23. g5 Nb5 24. c6 Nb6 25. Bxb6 cxb6 26. cxb7 Rb8 27. Qc2 Nd6 28. Qc6+ Kf7 29. Qd7 Rxb7 30. Qe6+ Ke8 31. Rc1 Kd8 32. Rc6 g6 1/2-1/2

[Event "Muensterland Verbandsklasse 1415"]
[Site "Germany"]
[Date "2014.10.04"]
[Round "2.2"]
[White "Lerke, Bernd"]
[Black "Broemmel, Chris"]
[Result "1-0"]
[WhiteElo "1842"]
[BlackElo "1770"]
[PlyCount "155"]
[EventDate "2014.09.13"]
[EventType "team-tourn"]
[EventRounds "9"]
[EventCountry "GER"]
[SourceTitle "EXT 2016"]
[Source "ChessBase"]
[SourceDate "2015.10.08"]
[SourceVersion "1"]
[SourceVersionDate "2015.10.08"]
[SourceQuality "1"]
[WhiteTeam "Nordwalde"]
[BlackTeam "Raesfeld Erle II"]
[WhiteTeamCountry "GER"]
[BlackTeamCountry "GER"]

1. d4 d5 2. Nc3 Nf6 3. Bg5 Bf5 4. Nf3 e6 5. e3 h6 6. Bxf6 Qxf6 7. Bd3 Bg4 8. Be2 Bb4 9. Ne5 Bxe2 10. Qxe2 c6 11. 0-0 0-0 12. a3 Bd6 13. f4 Bxe5 14. fxe5 Qg6 15. Rf4 f5 16. exf6 Rxf6 17. Rxf6 Qxf6 18. Rf1 Qg6 19. e4 Nd7 20. exd5 cxd5 21. Re1 Nf8 22. Na2 Rc8 23. Nb4 b6 24. Nd3 Qf5 25. c3 Re8 26. Rf1 Qg5 27. Qf2 Qe7 28. Ne5 Nd7 29. Nc6 Qf6 30. Qg3 Qg5 31. Qxg5 hxg5 32. Nxa7 e5 33. dxe5 Rxe5 34. Rd1 Nc5 35. Nc8 Na4 36. Rxd5 Re2 37. b3 Nxc3 38. Rd8+ Kh7 39. Nxb6 Ne4 40. Rd1 Re3 41. Ra1 Rxb3 42. Nc4 Rc3 43. Ne5 Rc5 44. Nd3 Rc3 45. Nf2 Nc5 46. Nd1 Rd3 47. Nb2 Rb3 48. Nc4 Na4 49. Rd1 Rc3 50. Rd4 Kg6 51. Ne5+ Kf5 52. Rxa4 Kxe5 53. h3 g6 54. Kh2 Kf5 55. Ra5+ Kf4 56. Ra6 Kf5 57. g4+ Kf4 58. Rf6+ Ke5 59. Rxg6 Rc2+ 60. Kg3 Rc3+ 61. Kg2 Rc2+ 62. Kf1 Kf4 63. Rf6+ Kg3 64. Rf5 Kh4 65. Rf3 Ra2 66. Ke1 Rh2 67. Kd1 Rxh3 68. Rxh3+ Kxh3 69. a4 Kxg4 70. a5 Kh3 71. a6 g4 72. a7 g3 73. a8Q g2 74. Qf3+ Kh2 75. Qf2 Kh1 76. Qh4+ Kg1 77. Kd2 Kf1 78. Qe1# 1-0

[Event "Muensterland Verbandsliga 1314"]
[Site "Germany"]
[Date "2013.09.07"]
[Round "1.8"]
[White "Moldenhauer, Oliver"]
[Black "Broemmel, Chris"]
[Result "0-1"]
[WhiteElo "1601"]
[BlackElo "1783"]
[PlyCount "62"]
[EventDate "2013.09.07"]
[EventType "team-tourn"]
[EventRounds "9"]
[EventCountry "GER"]
[SourceTitle "EXT 2015"]
[Source "ChessBase"]
[SourceDate "2014.11.20"]
[SourceVersion "1"]
[SourceVersionDate "2014.11.20"]
[SourceQuality "1"]
[WhiteTeam "Telgte"]
[BlackTeam "Raesfeld Erle"]
[WhiteTeamCountry "GER"]
[BlackTeamCountry "GER"]

1. d4 d5 2. Bf4 c5 3. c3 Nc6 4. e3 Bf5 5. Nf3 Qb6 6. Qb3 c4 7. Qxb6 axb6 8. Nbd2 Nf6 9. Be2 e6 10. 0-0 Be7 11. h3 h6 12. Ne5 g5 13. Bh2 Rg8 14. g4 Bh7 15. Ndf3 b5 16. Nxc6 bxc6 17. Ne5 c5 18. Nc6 cxd4 19. exd4 Ra6 20. Ne5 Nd7 21. b3 Nxe5 22. Bxe5 Kd7 23. a4 Rga8 24. a5 f6 25. Bg3 Rxa5 26. Rxa5 Rxa5 27. b4 Ra3 28. Rc1 Bd6 29. Bf3 Bxb4 30. cxb4 Rxf3 31. Ra1 Be4 0-1

[Event "Muensterland Verbandsliga 1213"]
[Site "Germany"]
[Date "2013.03.09"]
[Round "7.7"]
[White "Broemmel, Chris"]
[Black "Teloeken, Andreas"]
[Result "0-1"]
[WhiteElo "1780"]
[BlackElo "1947"]
[PlyCount "48"]
[EventDate "2012.09.22"]
[EventType "team-tourn"]
[EventRounds "9"]
[EventCountry "GER"]
[SourceTitle "EXT 2015"]
[Source "ChessBase"]
[SourceDate "2014.11.20"]
[SourceVersion "1"]
[SourceVersionDate "2014.11.20"]
[SourceQuality "1"]
[WhiteTeam "Raesfeld Erle"]
[BlackTeam "Suedlohn"]
[WhiteTeamCountry "GER"]
[BlackTeamCountry "GER"]

1. e4 d5 2. exd5 Qxd5 3. Nc3 Qa5 4. d4 c6 5. Bc4 Nf6 6. Nge2 Bf5 7. 0-0 e6 8. Bf4 Nbd7 9. Re1 Be7 10. Ng3 Bg6 11. Qe2 0-0 12. Nce4 Nd5 13. Bd2 Qc7 14. c3 Rfe8 15. Rad1 h6 16. Bc1 b5 17. Bd3 a5 18. Nd2 Nf4 19. Qf3 Nxd3 20. Re3 Nxc1 21. Rxc1 Bg5 22. Re2 Nf6 23. Rce1 Bxd2 24. Rxd2 Nd5 0-1

[Event "Muensterland Verbandsliga 1213"]
[Site "Germany"]
[Date "2012.11.24"]
[Round "3.8"]
[White "Kluczka, Konrad"]
[Black "Broemmel, Chris"]
[Result "0-1"]
[WhiteElo "1826"]
[BlackElo "1780"]
[PlyCount "58"]
[EventDate "2012.09.22"]
[EventType "team-tourn"]
[EventRounds "9"]
[EventCountry "GER"]
[SourceTitle "EXT 2015"]
[Source "ChessBase"]
[SourceDate "2014.11.20"]
[SourceVersion "1"]
[SourceVersionDate "2014.11.20"]
[SourceQuality "1"]
[WhiteTeam "Nienberge"]
[BlackTeam "Raesfeld Erle"]
[WhiteTeamCountry "GER"]
[BlackTeamCountry "GER"]

1. e4 d5 2. exd5 Qxd5 3. Nc3 Qa5 4. b4 Qxb4 5. Rb1 Qd6 6. Nb5 Qd8 7. Qf3 c6 8. Nc3 Nf6 9. Bc4 Nbd7 10. Qg3 Nb6 11. Bd3 Qd6 12. Nge2 Qxg3 13. hxg3 e5 14. a4 Bd6 15. f4 Nbd5 16. Ne4 Nxe4 17. Bxe4 f5 18. Bxd5 cxd5 19. fxe5 Bxe5 20. Rb5 0-0 21. d4 Bc7 22. Rxd5 Re8 23. Bf4 Be6 24. Rb5 Bc4 25. Rc5 Rxe2+ 26. Kd1 Bxf4 27. Rxc4 Rd2+ 28. Ke1 Re8+ 29. Kf1 Bxg3 0-1

[Event "Muensterland Verbandsliga 1112"]
[Site "Germany"]
[Date "2011.10.15"]
[Round "2.8"]
[White "Broemmel, Chris"]
[Black "Brambrink, Ulf"]
[Result "1-0"]
[WhiteElo "1776"]
[BlackElo "1726"]
[PlyCount "61"]
[EventDate "2011.09.24"]
[EventType "team-tourn"]
[EventRounds "9"]
[EventCountry "GER"]
[SourceTitle "EXT 2013"]
[Source "ChessBase"]
[SourceDate "2012.11.22"]
[SourceVersion "1"]
[SourceVersionDate "2012.11.22"]
[SourceQuality "1"]
[WhiteTeam "Raesfeld Erle"]
[BlackTeam "Muenster Indische Dame"]
[WhiteTeamCountry "GER"]
[BlackTeamCountry "GER"]

1. e4 Nc6 2. Nc3 e5 3. Bc4 Nf6 4. d3 d6 5. Bg5 Be7 6. Nge2 Na5 7. Bb3 Nxb3 8. axb3 c6 9. d4 0-0 10. 0-0 b6 11. f4 Ng4 12. Bxe7 Qxe7 13. Qd3 f5 14. h3 Nh6 15. dxe5 dxe5 16. Qc4+ Be6 17. Qxc6 fxe4 18. Qxe4 Qc5+ 19. Kh1 Nf7 20. fxe5 Ng5 21. Qd4 Qc6 22. Qd6 Qb7 23. Rxf8+ Rxf8 24. h4 Rf2 25. Rg1 Bh3 26. Qd8+ Kf7 27. Qxg5 h6 28. Qg3 Bxg2+ 29. Rxg2 Rf1+ 30. Kh2 Qe7 31. Qxg7+ 1-0